000 00691nam a2200241 a 4500
001 4331513
005 20180111065845.0
008 880426s1989 mauaf bf 001 0 eng
010 _a 88081353
020 _a0395432286
040 _aDLC
_cDLC
_dDLC
041 _aeng
043 _an-us---
080 _a371
082 _2371 ORN
100 1 _a46
101 _aEDU
245 1 0 _aFoundations of education /
_cAllan C. Ornstein, Daniel U. Levine.
504 _aIncludes bibliographies and indexes.
906 _a7
_bcbc
_corignew
_d2
_eopcn
_f19
_gy-gencatlg
942 _2ddc
_cBK
999 _c40105
_d40105